000 01693nam a2200373 i 4500
003 DO-SdBNP
005 20260409210342.0
007 ta
008 201106b2020 dr spa
020 _a
040 _aDO-SdBNP
_bspa
_cBNPHU
_erda
041 _aspa
082 4 _a337.142
_bT775h
_222
110 2 _aUnión Europea
_984088
245 1 0 _aTras las huellas de la Cooperación Europea en la República Dominicana :
_b30 años de cooperación al desarrollo /
_cinvestigadores Taiana Mora Ramis, Iván Ogando Lora, Sandra Nogué
246 1 3 _aInforme retrospectivo sobre la contribución de la cooperación bilateral
264 _aSanto Domingo, República Dominicana :
_bFLASCO,
_c2020
300 _a145 páginas :
_bilustraciones ;
_c29 cm.
336 _atexto
_btxt
_2rdacontent
337 _asin mediación
_bn
_2rdamedia
338 _avolumen
_bnc
_2rdacarrier
500 _a A la memoria de nuestro querido embajador Antonio Vargas Hernández, ordenador nacional de los fondos europeos para el desarrollo 2012-2020 por su incansable compromiso con el desarrollo de República Dominicana, la cooperación con la Unión Europea y cooperación regional
504 _a
590 _aInventariado, 2021/VM
650 _aCooperación internacional.
_zRepública Dominicana
_vInforme
_977648
650 4 _aDesarrollo regional
_zRepública Dominicana
_977649
651 4 _aRepública Dominicana
_xRelaciones internacionales
_92624
700 1 _aMora Ramis,Taiana
_931119
700 1 _aOgando Lora, Iván
_977650
700 1 _aNogué, Sandra
_977651
710 2 _aFacultad Latinoamericana de Ciencias Sociales (República Dominicana)
_971583
910 _aVMateo
942 _2ddc
_cLBS1
999 _c49299
_d49299